<?xml version="1.0" encoding="UTF-8"?><record xmlns="http://www.loc.gov/MARC21/slim" xmlns:zs="http://docs.oasis-open.org/ns/search-ws/sruResponse">
  <leader>01194cz  a2200241n  4500</leader>
  <controlfield tag="001">nr 95039368 </controlfield>
  <controlfield tag="003">DLC</controlfield>
  <controlfield tag="005">20130308104656.0</controlfield>
  <controlfield tag="008">951024n| azannaab           |a aaa     c</controlfield>
  <datafield ind1=" " ind2=" " tag="010">
    <subfield code="a">nr 95039368 </subfield>
  </datafield>
  <datafield ind1=" " ind2=" " tag="040">
    <subfield code="a">NNC</subfield>
    <subfield code="b">eng</subfield>
    <subfield code="e">rda</subfield>
    <subfield code="c">NNC</subfield>
    <subfield code="d">DLC</subfield>
  </datafield>
  <datafield ind1=" " ind2=" " tag="046">
    <subfield code="s">00</subfield>
  </datafield>
  <datafield ind1="0" ind2=" " tag="100">
    <subfield code="a">Julius Africanus,</subfield>
    <subfield code="d">active 1st century</subfield>
  </datafield>
  <datafield ind1="1" ind2=" " tag="400">
    <subfield code="a">Africanus, Iulius,</subfield>
    <subfield code="d">active 1st century</subfield>
  </datafield>
  <datafield ind1="1" ind2=" " tag="400">
    <subfield code="a">Africanus, Julius,</subfield>
    <subfield code="d">active 1st century</subfield>
  </datafield>
  <datafield ind1="0" ind2=" " tag="400">
    <subfield code="a">Iulius Africanus,</subfield>
    <subfield code="d">active 1st century</subfield>
  </datafield>
  <datafield ind1="0" ind2=" " tag="400">
    <subfield code="w">nnea</subfield>
    <subfield code="a">Julius Africanus,</subfield>
    <subfield code="d">1st cent.</subfield>
  </datafield>
  <datafield ind1=" " ind2=" " tag="667">
    <subfield code="a">Not to be confused with: Africanus, Sextus Julius</subfield>
  </datafield>
  <datafield ind1=" " ind2=" " tag="670">
    <subfield code="a">His Oratio, 1991:</subfield>
    <subfield code="b">PHI CD ROM #5.3, Latin Canon, bibliographic screen (Iulius Africanus)</subfield>
  </datafield>
  <datafield ind1=" " ind2=" " tag="670">
    <subfield code="a">Pauly-Wissowa:</subfield>
    <subfield code="b">19. Halbbd., col. 114-116; "Iulius", #45 (Iulius Africanus; Roman orator from southwest Gaul; contemporary of Cn. Domitius Afer; older contemporary of Quintilian)</subfield>
  </datafield>
  <datafield ind1=" " ind2=" " tag="670">
    <subfield code="a">Dict. of Greek and Roman biog. and mythology, 1967:</subfield>
    <subfield code="b">v. 1, p. 56 (Africanus, Julius; celebrated orator in the time of Nero)</subfield>
  </datafield>
  <datafield ind1=" " ind2=" " tag="670">
    <subfield code="a">Oxford class. dict., 1st ed. :</subfield>
    <subfield code="b">p. 471 (Julius Africanus; speaker of the 1st cent. A.D.; ranked by Quintilian alongside of Domitius Afer)</subfield>
  </datafield>
  <datafield ind1=" " ind2=" " tag="675">
    <subfield code="a">NUC pre-56.</subfield>
  </datafield>
</record>
